Anatomy of the czech labour market from over-employment to under-employment in ten years?
Salvato in:
| Altri autori: | |
|---|---|
| Natura: | Libro |
| Lingua: | inglese |
| Pubblicazione: |
Praha
Czech National Bank
2004
|
| Serie: | Working paper series
7/2004 |
| Soggetti: | |
| Tags: |
Nessun Tag, puoi essere il primo ad aggiungerne!!
|
MARC
| LEADER | 00000nam$a2200000$$$4500 | ||
|---|---|---|---|
| 001 | 0027358 | ||
| 005 | 20240503084915.9 | ||
| 041 | 0 | |a eng | |
| 044 | |a CZ | ||
| 245 | 1 | 0 | |a Anatomy of the czech labour market |b from over-employment to under-employment in ten years? |c Edited by: Vladislav Flek |
| 264 | 1 | |a Praha |b Czech National Bank |c 2004 | |
| 300 | |a 90 s. | ||
| 490 | 1 | |a Working paper series |v 7/2004 | |
| 830 | 0 | |a Working paper series |v 7/2004 | |
| 610 | 2 | 0 | |a banky |
| 610 | 2 | 0 | |a bankovníctvo |
| 610 | 2 | 0 | |a trh práce |
| 610 | 2 | 0 | |a zamestnanosť |
| 610 | 2 | 0 | |a nezamestnanosť |
| 610 | 2 | 0 | |a makroekonomika |
| 610 | 2 | 0 | |a sily pracovné |
| 610 | 2 | 0 | |a mzdy |
| 610 | 2 | 0 | |a inflácia |
| 610 | 2 | 0 | |a modelovanie ekonometrické |
| 610 | 2 | 0 | |a Česko |
| 700 | 1 | |a Flek, Vladislav | |